[Event "Val Thorens 2006"]
[Site "?"]
[Date "2006.07.15"]
[Round "1"]
[White "Roche, Yves"]
[Black "Karakehajov, Kalin"]
[Result "0-1"]
[WhiteElo "2038"]
[BlackElo "2451"]
[PlyCount "30"]
[EventDate "2006.07.15"]
[SourceDate "2006.07.15"]

1. e4 e5 2. Nf3 Nc6 3. Nc3 Nf6 4. d4 exd4 5. Nxd4 Bb4 6. Nxc6 bxc6 7.
Bd3 d5 8. exd5 O-O 9. O-O cxd5 10. Bg5 c6 11. Qf3 Rb8 12. h3 Bd6 13. Rab1 Re8
14. Rfd1 Be5  15. b3 Bxc3 0-1

[Event "Val Tho Principal"]
[Site "?"]
[Date "2006.07.15"]
[Round "1"]
[White "Costa"]
[Black "Chaillot"]
[Result "0-1"]
[WhiteElo "1810"]
[BlackElo "2098"]
[PlyCount "42"]
[SourceDate "2006.07.15"]

1. e4 Nc6 2. Nf3 d6 3. d4 Nf6 4. Nc3 Bg4 5. Be2 e6 6. Bg5 Be7 7. O-O O-O 8. a3
a6 9. Qd3 d5 10. e5 Nd7 11. Bxe7 Qxe7 12. Rae1 Bf5 13. Qd1 Na7 14. Bd3 Bxd3 15.
Qxd3 c5 16. Ne2 cxd4 17. Nexd4 Nc6 18. Qe3 Rfc8 19. g3 Na5 20. Nd2 Nc4 21. f4 Nxe3 0-1

[Event "Val Tho Principal"]
[Site "?"]
[Date "2006.07.15"]
[Round "1"]
[White "Philippe"]
[Black "Richard"]
[Result "1-0"]
[WhiteElo "2411"]
[BlackElo "2002"]
[PlyCount "47"]
[SourceDate "2006.07.15"]

1. e4 e5 2. Nf3 d6 3. d4 exd4 4. Qxd4 Nf6 5. Bg5 Be7 6. Nc3 O-O 7. O-O-O Nc6 8.
Qd2 a6 9. h4 b5 10. Bd3 Nb4 11. Nd5 Nbxd5 12. exd5 Bb7 13. Rde1 Re8 14. Re2
Nxd5 15. Rhe1 Qd7 16. Be4 c6 17. Bxd5 Bxg5 18. Qxg5 cxd5 19. Re7 Qc6 20. Nd4
Rxe7 21. Rxe7 Qc4 22. Nf5 Qf1+ 23. Kd2 Qxf2+ 24. Re2 1-0

[Event "Val Tho Principal"]
[Site "?"]
[Date "2006.07.15"]
[Round "1"]
[White "Jaminion"]
[Black "Meinsohn"]
[Result "0-1"]
[WhiteElo "1890"]
[BlackElo "2241"]
[PlyCount "48"]
[SourceDate "2006.07.15"]

1. e4 e5 2. Nf3 Nc6 3. Bb5 f5 4. exf5 e4 5. Bxc6 dxc6 6. Qe2 Bxf5 7. d3 Qe7 8.
Nd4 exd3 9. Qxe7+ Nxe7 10. Bg5 dxc2 11. Nc3 Bd7 12. O-O h6 13. Bh4 Nf5 14.
Rfe1+ Kf7 15. Nf3 Bd6 16. Bg3 Nxg3 17. hxg3 Bf5 18. Nd4 Bh7 19. Rac1 Rae8 20.
Rxe8 Rxe8 21. Nxc2 b5 22. Ne3 Bxg3 23. Nxb5 cxb5 24. Rxc7+
Bxc7 0-1

[Event "Principal"]
[Site "?"]
[Date "2006.07.15"]
[Round "1"]
[White "Colas, Yves"]
[Black "Rodriguez, Emmanuel"]
[Result "0-1"]
[WhiteElo "1850"]
[BlackElo "2137"]
[PlyCount "80"]
[SourceDate "2006.07.15"]

1. c4 Nc6 2. Nc3 e5 3. Nf3 f5 4. d3 Nf6 5. g3 Bb4 6. Bg2 O-O 7. O-O Bxc3 8.
bxc3 d6 9. e3 Qe8 10. Nd2 f4 11. Ne4 Nxe4 12. Bxe4 Bh3 13. Bg2 Bxg2 14. Kxg2
f3+ 15. Kh1 Qd7 16. Rg1 e4 17. d4 Rf6 18. g4 Rg6 19. g5 Qf5 20. Rg3 Rxg5 21.
Qg1 Rxg3 22. Qxg3 Rf8 23. Bb2 Rf6 24. Rg1 Rg6 25. Qh4 Rxg1+ 26. Kxg1 Qg6+ 27.
Qg3 Qxg3+ 28. hxg3 Na5 29. c5 d5 30. Bc1 Nc4 31. Kf1 h5 32. Kg1 g5 33. Kh2 Kf7
34. Kh3 Ke6 35. Kh2 Kd7 36. Kg1 Kc6 37. Kf1 Kb5 38. Ke1 Na5
39. Kd1 Kc4 40. Kc2 h4 0-1

[Event "Val ThorensPrincipal"]
[Site "?"]
[Date "2006.07.15"]
[Round "1"]
[White "Ivanisevic"]
[Black "Perruchaud"]
[Result "1-0"]
[WhiteElo "2598"]
[BlackElo "2062"]
[PlyCount "57"]
[SourceDate "2006.07.15"]

1. d4 f5 2. Nc3 Nf6 3. Bg5 e6 4. e4 fxe4 5. Nxe4 Be7 6. Bxf6 Bxf6 7. Qh5+ g6 8.
Qh6 Qe7 9. Nxf6+ Qxf6 10. O-O-O d6 11. Nf3 Nc6 12. Bb5 Bd7 13. Rhe1 O-O-O 14.
Re3 Rde8 15. Rd2 Nd8 16. Bxd7+ Kxd7 17. g3 Qf5 18. d5 e5 19. Ra3 Qe4 20. Qh3+
Ke7 21. Re3 Qf5 22. Qh4+ Kf7 23. Ng5+ Kg8 24. Rf3 Qd7 25. Rf8+ Kxf8 26. Rd3 Kg7
27. Rf3 h6 28. Ne6+ Nxe6 29. Qf6+ 1-0

[Event "Val ThorensAccession"]
[Site "?"]
[Date "2006.07.15"]
[Round "1"]
[White "Soos, F."]
[Black "Hamel, E."]
[Result "1/2-1/2"]
[WhiteElo "1440"]
[BlackElo "1750"]
[PlyCount "77"]
[SourceDate "2006.07.15"]

1. e4 Nf6 2. e5 Nd5 3. Nf3 d6 4. exd6 Qxd6 5. Bc4 g6 6. Bxd5 Qxd5 7. Nc3 Qe6+
8. Qe2 Bg7 9. Qxe6 Bxe6 10. d4 O-O  11. O-O Bg4 12. Ne5 Bf5 13.
Nd5 Bxe5 14. dxe5 Nc6 15. Bg5 e6 16. Ne7+ Nxe7 17. Bxe7 Rfe8 18. Bf6 c6 19. c3
b6 20. Rad1 h6  21. Rd7 g5 22. Rfd1 Bg6 23. Rc7 Rec8 24. Rdd7 Rxc7
25. Rxc7 c5 26. b4 cxb4 27. cxb4 a5 28. bxa5 bxa5 29. Rd7 Kf8 30. Kf1 Bb1 31. a3 Kg8 32. Rd8+ Rxd8 33. Bxd8 a4 34. Ke2 Kf8 35. Kf3 Kg7 36.
Kg4 Kg6 37. Bf6 Be4 38. f3 Bd3 39. h4 1/2-1/2

[Event "Val ThorensAccession"]
[Site "?"]
[Date "2006.07.15"]
[Round "1"]
[White "Varin, B."]
[Black "Eydt, Y."]
[Result "1-0"]
[WhiteElo "1670"]
[BlackElo "1360"]
[PlyCount "43"]
[SourceDate "2006.07.15"]

1. c4 e5 2. Nc3 Nf6 3. g3 Be7 4. Bg2 O-O 5. d3 d6 6. Nf3 Bf5 7. O-O h6 8. Nh4
Bh7 9. Bxb7 c6 10. Bxa8 Qc7  11. Qa4 Re8 12. Be3 Nbd7 13. Bxc6 Nc5
14. Bxc5 dxc5 15. Bg2 Rb8 16. Rab1 a5 17. Nb5 Qd8 18. Na7 Qb6 19. Nc6 Rb7 20.
Nxe5 Ra7 21. Nc6 Rc7 22. Qxa5 1-0

[Event "Val Tho Accession"]
[Site "?"]
[Date "2006.07.15"]
[Round "1"]
[White "Maquoi, S."]
[Black "Da Silva"]
[Result "0-1"]
[WhiteElo "1345"]
[BlackElo "1600"]
[PlyCount "44"]
[SourceDate "2006.07.15"]

1. d4 d6 2. c4 g6 3. Nc3 Bg7 4. e4 Nc6 5. Be3 Nf6 6. f3 O-O 7. Qd2 e5 8. d5 Nb4
9. O-O-O a5 10. g4 h5  11. gxh5 Nxh5 12. Nge2 f5 13. f4 fxe4 14.
Ng3 exf4 15. Nxh5 fxe3 16. Qxe3 Bxc3 17. bxc3 Rf3 18. Qd4 Qg5+ 19. Kb2 Qxh5 20. cxb4 axb4 21. Qxe4 Rf2+ 22. Kb3 Qxd1+ 0-1

[Event "Val Tho Accession"]
[Site "?"]
[Date "2006.07.15"]
[Round "1"]
[White "Kocher"]
[Black "Meyer, M."]
[Result "0-1"]
[WhiteElo "1240"]
[BlackElo "1540"]
[PlyCount "42"]
[SourceDate "2006.07.15"]

1. e4 d5 2. exd5 Qxd5 3. Nc3 Qa5 4. d4 Nf6 5. Bd2 c6 6. Ne4 Qc7 7. Nxf6+ gxf6
8. g3 Bf5 9. Bf4 e5 10. Qe2 Bd6 11. a4 Bxc2  12. Bh6 Bb3 13. Qg4
Bf8 14. Bxf8 Kxf8 15. Be2 Qd7 16. Qh4 Kg7 17. Nf3 Qf5 18. g4 Qe4 19. Rg1 Bc4
20. Kf1 Bxe2+ 21. Kg2 Qxf3# 0-1

[Event "Val Tho Accession"]
[Site "?"]
[Date "2006.07.16"]
[Round "2"]
[White "Felix"]
[Black "Maquoi"]
[Result "0-1"]
[WhiteElo "1180"]
[BlackElo "1245"]
[PlyCount "44"]
[SourceDate "2006.07.15"]

1. e4 e5 2. Nf3 Nf6 3. d4 Nxe4 4. Bd3 d5 5. Nxe5 Nd7 6. O-O Nxe5 7. dxe5 Be7 8.
Nc3 Nxc3 9. bxc3 O-O  10. Re1 Be6 11. Qf3 Qd7 12. Qg3 f6 13. Bh6
Bd8 14. exf6 Bxf6 15. Bg5 Bxc3 16. Qh4 g6 17. Bh6 Bxa1 18. Bxf8 Rxf8 19. Rxa1
Bf5 20. Rb1 Bxd3 21. cxd3 Qe7 22. h3 Qxh4 0-1

[Event "Val Tho Principal"]
[Site "?"]
[Date "2006.07.16"]
[Round "2"]
[White "Guillaumat"]
[Black "Jaminion"]
[Result "0-1"]
[WhiteElo "2039"]
[BlackElo "1890"]
[PlyCount "54"]
[SourceDate "2006.07.15"]

1. d4 d5 2. Nf3 Bf5 3. e3 e6 4. c4 Nc6 5. a3 a6 6. b4 dxc4 7. Bxc4 b5 8. Be2
Bd6 9. Bb2 f6 10. Nbd2 Nge7  11. e4 Bg6 12. e5 fxe5 13. dxe5 Bxb4
14. axb4 Nxb4 15. O-O Bc2 16. Qc1 c5 17. Bc3 Nec6 18. Nb3 Bxb3 19. Bxb4 Nxb4
20. Qxc5 Nd5  21. Qc6+ Kf7 22. Rxa6 Rxa6 23. Qxa6 b4 24. Bd1 Bxd1
25. Rxd1 Qc8 26. Ng5+ Kg6 27. Nxe6 Qxa6 0-1

[Event "Val Tho Accession"]
[Site "?"]
[Date "2006.07.16"]
[Round "2"]
[White "Schwarz"]
[Black "Parpillon"]
[Result "1-0"]
[WhiteElo "1550"]
[BlackElo "1757"]
[PlyCount "79"]
[SourceDate "2006.07.15"]

1. d4 d5 2. c4 Nf6 3. Nc3 e6 4. Bf4 Be7 5. cxd5 exd5 6. e3 c6 7. h3 O-O 8. a3
Re8 9. Bd3 b5 10. b4 Nbd7  11. Qc2 Nf8 12. Nf3 Bd6 13. Ne5 Qc7 14.
O-O Nh5 15. Bh2 Bxe5 16. Bxe5 Qd8 17. Rfc1 Ng6 18. Qe2 Qg5 19. Bxg6 fxg6 20.
Qf3 Be6 21. Ne2 Rf8 22. Nf4 Nxf4 23. Bxf4 Qe7 24. Qg3 Rf5 25. Rxc6 Rd8 26. Rac1
Rff8 27. Bg5 Rf6 28. Bxf6 gxf6 29. Rc7 Qf8 30. Qh4 h5  31. Qg3 g5
32. Rxa7 h4 33. Qc7 Rd7 34. Qb6 Rxa7 35. Qxa7 Qd6 36. Rc7 Qf8 37. Qc5 Qe8 38.
Re7 Qg6 39. Rxe6 Qf5 40. Qc8+ 1-0

[Event "Val Tho Principal"]
[Site "?"]
[Date "2006.07.16"]
[Round "2"]
[White "Claverie"]
[Black "Lees"]
[Result "1-0"]
[WhiteElo "2331"]
[BlackElo "1720"]
[PlyCount "45"]
[SourceDate "2006.07.15"]

1. e4 e6 2. d4 d5 3. Nc3 Nf6 4. Bg5 Be7 5. e5 Nfd7 6. h4 a6 7. Qg4 Kf8 8. Nf3
c5 9. dxc5 Nxc5 10. Bxe7+ Qxe7  11. Nxd5 Qd8 12. Nc3 Nc6 13. Qf4
Qc7 14. O-O-O b5 15. Rd6 Nb7 16. Rd2 Nc5 17. Be2 Bd7 18. Rd6 Rd8 19. Rhd1 Bc8
20. Ng5 Rxd6  21. Rxd6 Nxe5 22. Qxe5 Nb7 23. Rxe6 1-0

[Event "Val Tho Principal"]
[Site "?"]
[Date "2006.07.16"]
[Round "2"]
[White "Ungureanu"]
[Black "Marcantoni"]
[Result "1/2-1/2"]
[WhiteElo "2264"]
[BlackElo "2250"]
[PlyCount "54"]
[SourceDate "2006.07.15"]

1. d4 d6 2. Nf3 g6 3. c4 Nf6 4. Nc3 Bg7 5. e4 O-O 6. Be2 e5 7. dxe5 dxe5 8.
Qxd8 Rxd8 9. Bg5 Re8 10. Nd5 Nxd5  11. cxd5 c6 12. Bc4 cxd5 13.
Bxd5 Na6 14. a3 Nc7 15. Ba2 Be6 16. O-O Bxa2 17. Rxa2 Ne6 18. Be3 Nd4 19. b4 a5
20. bxa5 Rxa5  21. Rb1 Nxf3+ 22. gxf3 Bf8 23. a4 Rea8 24. Rxb7
Rxa4 25. Rd2 R4a6 26. Rdd7 Rf6 27. Kg2 h6 1/2-1/2

[Event "Val Tho Accession"]
[Site "?"]
[Date "2006.07.16"]
[Round "2"]
[White "Dubois, Rémi"]
[Black "Uzbelger, Warren"]
[Result "1-0"]
[WhiteElo "1130"]
[BlackElo "1270"]
[PlyCount "103"]
[SourceDate "2006.07.15"]

1. e4 e5 2. Nf3 d6 3. Bb5+ c6 4. Bc4 Be7 5. Nc3 Bg4 6. h3 Bh5 7. d3 Nf6 8. O-O
O-O 9. Bg5 h6 10. Bh4 Nbd7  11. d4 Bxf3 12. Qxf3 exd4 13. Ne2 Ne5
14. Qb3 c5 15. Bxf6 Bxf6 16. Bd5 Bh4 17. g3 Nf3+ 18. Qxf3 Qg5 19. Kh2 Qe5 20.
Bxb7 Rab8  21. Bd5 Kh8 22. Kh1 Bg5 23. h4 Bd2 24. Rab1 f5 25. c3
fxe4 26. Qxe4 Qf6 27. Kg1 Rbe8 28. Qd3 dxc3 29. bxc3 Bxc3 30. Nxc3 Qe5 {
Diagramme #} 31. Rbe1 Qh5 32. Qc4 Qf5 33. Be6 Qf3 34. Re3 Qf6 35. Bd7 Re7 36.
Rxe7 Qxe7 37. Be6 Rf6 38. Re1 Rf8 39. Nd5 Qb7 40. Qe2 Re8  41. Qh5
Rf8 42. Re2 Qb1+ 43. Kg2 Qd3 44. Nf4 Qb1 45. Qg6 Qxg6 46. Nxg6+ Kh7 47. Nxf8+
Kh8 48. Rb2 a5 49. Rb8 c4 50. Bf7 c3 51. Ng6+ Kh7 52. Rh8#
1-0

[Event "Val Tho Principal"]
[Site "?"]
[Date "2006.07.16"]
[Round "2"]
[White "Aguettaz"]
[Black "Ivanisevic"]
[Result "1/2-1/2"]
[WhiteElo "2299"]
[BlackElo "2596"]
[PlyCount "83"]
[SourceDate "2006.07.15"]

1. Nf3 d5 2. g3 Nc6 3. d4 Bg4 4. Bg2 e6 5. O-O Bd6 6. Nbd2 Nf6 7. b3 O-O 8. Bb2
Ne4 9. Nxe4 dxe4 10. Ne5 Bxe5  11. dxe5 Qxd1 12. Rfxd1 Bxe2 13.
Rd7 Bf3 14. Rxc7 Rfd8 15. Bxf3 exf3 16. Rxb7 Rac8 17. h4 Rd2 18. Rc1 h5 19. b4
a6 20. a4 Nd8  21. Rb6 Rcxc2 22. Rxc2 Rxc2 23. Rxa6 Rxb2 24. Rd6
Nc6 25. Rxc6 Rxb4 26. Rc8+ Kh7 27. Rc3 Rxa4 28. Rxf3 Kg6 29. Re3 Kf5 30. Rf3+
Kg6  31. Re3 Ra7 32. Kg2 Kf5 33. Kh2 Ra2 34. Kg2 Rb2 35. Rf3+ Kg6
36. Re3 Rb7 37. Kh2 Kf5 38. Kg2 Rc7 39. Kh2 Rc5 40. Rf3+ Kg6  41.
Re3 Kh6 42. Kg2 1/2-1/2

[Event "Val Tho Principal"]
[Site "?"]
[Date "2006.07.16"]
[Round "2"]
[White "Horvath, J."]
[Black "Meinsohn, P."]
[Result "1-0"]
[WhiteElo "2526"]
[BlackElo "2241"]
[PlyCount "43"]
[SourceDate "2006.07.15"]

1. Nf3 Nf6 2. c4 c5 3. Nc3 Nc6 4. d4 cxd4 5. Nxd4 e6 6. a3 d5 7. cxd5 exd5 8.
Bg5 Be7 9. e3 O-O 10. Be2 Be6  11. O-O Rc8 12. Rc1 Na5 13. Qa4 a6
14. Rfd1 b5 15. Qc2 Qb6 16. Nf5 Bxf5 17. Qxf5 Nb3  18. Nxd5 Nxc1
19. Nxb6 Nxe2+ 20. Kf1 Rc5 21. Bxf6 Rxf5 22. Bxe7 1-0

[Event "Val Tho Principal"]
[Site "?"]
[Date "2006.07.16"]
[Round "2"]
[White "Bratanov"]
[Black "Simon"]
[Result "1-0"]
[WhiteElo "2420"]
[BlackElo "2130"]
[PlyCount "49"]
[SourceDate "2006.07.15"]

1. Nf3 d5 2. g3 e6 3. Bg2 Be7 4. O-O f5 5. d3 Nf6 6. Nbd2 O-O 7. e4 dxe4 8.
dxe4 Nxe4 9. Nxe4 Qxd1 10. Rxd1 fxe4  11. Ng5 e5 12. Bxe4 g6 13.
Be3 Nc6 14. c3 Kg7 15. Bd5 h6 16. Ne6+ Bxe6 17. Bxe6 Rfd8 18. Bd5 a6 19. Rd2
Re8 20. Kg2 Rad8  21. Rad1 Bd6 22. Be4 Be7 23. Rd7 Rc8 24. h4 Red8
25. Bc5 1-0

[Event "Val Tho Principal"]
[Site "?"]
[Date "2006.07.16"]
[Round "2"]
[White "Triger"]
[Black "Bronznik"]
[Result "1-0"]
[WhiteElo "2085"]
[BlackElo "2383"]
[PlyCount "59"]
[SourceDate "2006.07.15"]

1. d4 Nf6 2. Bg5 c5 3. Bxf6 gxf6 4. d5 Qb6 5. Qc1 f5 6. g3 Bg7 7. c3 Na6 8. Bg2
Nc7 9. Na3 Qh6 10. Qxh6 Bxh6  11. d6 exd6 12. Nc4 Ke7 13. f4 d5
14. Ne3 d6 15. Nf3 Kf6 16. Rd1 Re8 17. Nxd5+ Nxd5 18. Rxd5 Bf8 19. Kf2 Be6 20.
Rd2 Bxa2  21. Ng5 Kg6 22. e4 h6 23. exf5+ Kxf5 24. Nf3 Be7 25. Re1
Bc4 26. Re4 Bb5 27. Rxe7 Rxe7 28. Rxd6 Re2+ 29. Kg1 Ke4  30. Nd2+
1-0

[Event "Val Tho Accession"]
[Site "?"]
[Date "????.??.??"]
[Round "3"]
[White "Kocher"]
[Black "Felix"]
[Result "0-1"]
[WhiteElo "1240"]
[BlackElo "1190"]
[PlyCount "36"]
[SourceDate "2006.07.15"]

1. e4 e5 2. Nf3 Nc6 3. Bb5 Nd4 4. Nxd4 exd4 5. Bc4 c6 6. a4 d5 7. Bb3 dxe4 8.
Bxf7+ Kd7 9. Qg4+ Kc7 10. Qf4+ Bd6 11. Qxe4 Nh6  12. Be6 Bxe6 13.
Qxe6 Re8 14. Qxe8 Qxe8+ 15. Kf1 Qe7 16. d3 Re8 17. Bd2 Qe2+ 18. Kg1 Qe1+ 0-1

[Event "Val Tho Principal"]
[Site "?"]
[Date "2006.07.17"]
[Round "3"]
[White "Marchat"]
[Black "Di Nicolantonio"]
[Result "0-1"]
[WhiteElo "1830"]
[BlackElo "1720"]
[PlyCount "38"]
[SourceDate "2006.07.15"]

1. e4 c5 2. Nf3 d6 3. d4 cxd4 4. Nxd4 Nf6 5. Nc3 a6 6. Be2 e6 7. Be3 Be7 8. Qd2
O-O 9. O-O b5 10. f3 Bb7  11. Nb3 Nbd7 12. Rad1 Qc7 13. Bd3 d5 14.
exd5 Nxd5 15. Nxd5 Bxd5 16. Qf2 Rab8 17. Kh1 Ne5 18. c3 Nxd3 19. Rxd3 Bc4 0-1

[Event "Val Tho Accession"]
[Site "?"]
[Date "2006.07.17"]
[Round "3"]
[White "Marechal"]
[Black "Dubois, R."]
[Result "1-0"]
[WhiteElo "1510"]
[BlackElo "1130"]
[PlyCount "43"]
[SourceDate "2006.07.15"]

1. d4 d5 2. Nf3 Bg4 3. e3 Nf6 4. Be2 Nc6 5. h3 Bh5 6. O-O e6 7. Nbd2 Bd6 8. c4
Bb4 9. a3 Be7 10. Qc2 Bg6  11. Bd3 Bh5 12. cxd5 Qxd5 13. Bc4 Bg6
14. Qb3 Qf5 15. Qxb7 O-O 16. Qxc6 Bd6 17. b4 Bh5 18. Nh4 Qc2 19. Ra2 Qc3 20.
Nb1 Qxc4 21. Qxc4 Rab8 22. Nd2 1-0

[Event "Val Tho Principal"]
[Site "?"]
[Date "2006.07.17"]
[Round "3"]
[White "Claverie"]
[Black "Bratanov"]
[Result "1/2-1/2"]
[WhiteElo "2331"]
[BlackElo "2420"]
[PlyCount "41"]
[SourceDate "2006.07.15"]

1. d4 Nf6 2. Bg5 e6 3. e4 h6 4. Bxf6 Qxf6 5. Nc3 Bb4 6. Qd2 c5 7. a3 Ba5 8.
dxc5 Bxc3 9. Qxc3 Qxc3+ 10. bxc3 b6  11. cxb6 axb6 12. Bd3 d6 13.
Ne2 Nd7 14. O-O Ke7 15. Rfb1 Bb7 16. f3 Ra5 17. Nd4 Rc8 18. Bb5 Ne5 19. Bf1 Nd7
20. Bb5 Ne5 21. Bf1 1/2-1/2

[Event "Val Tho Principal"]
[Site "?"]
[Date "2006.07.17"]
[Round "3"]
[White "Philippe"]
[Black "Horvath, J."]
[Result "1/2-1/2"]
[WhiteElo "2411"]
[BlackElo "2526"]
[PlyCount "46"]
[SourceDate "2006.07.15"]

1. e4 c5 2. Nf3 Nc6 3. d4 cxd4 4. Nxd4 Qb6 5. Nb3 Nf6 6. Nc3 e6 7. Bd3 d6 8.
O-O Be7 9. Be3 Qc7 10. f4 a6  11. a4 b6 12. Qf3 O-O 13. g4 Nd7 14.
g5 Nb4 15. Qh5 g6 16. Qh6 Re8 17. Rf3 Bf8 18. Qh4 Bg7 19. Raf1 f5 20. gxf6 Bxf6
 21. Qh6 Bg7 22. Qh4 Bf6 23. Qh6 Bg7 1/2-1/2

[Event "Val Tho Principal"]
[Site "?"]
[Date "2006.07.17"]
[Round "3"]
[White "Fourcart, Marc"]
[Black "Bernard, Jean"]
[Result "0-1"]
[WhiteElo "1830"]
[BlackElo "1934"]
[PlyCount "92"]
[SourceDate "2006.07.15"]

1. d4 d5 2. Nf3 Nf6 3. e3 Bg4 4. Nbd2 e6 5. Bd3 Bd6 6. O-O O-O 7. c4 c6 8. b3
Nbd7 9. Qc2 Rc8 10. Bb2 Re8  11. Ne5 Bh5 12. f4 Nf8 13. c5 Bb8 14.
h3 Bg6 15. Nxg6 hxg6 16. Nf3 N8h7 17. Ne5 Nf8 18. Rf3 Nh5 19. Raf1 f5 20. g4
Nf6  21. Qg2 Bxe5 22. fxe5 Ne4 23. gxf5 gxf5 24. Bxe4 dxe4 25. Rg3
Rc7 26. Rf4 g6 27. h4 Rh7 28. Rh3 Kf7 29. Kf1 Rh5 30. Bc3 Re7  31.
Qh2 Ke8 32. Rf2 Reh7 33. Be1 g5 34. Rg2 g4 35. Ke2 gxh3 36. Qxh3 Qe7 37. Rg8
Rg7 38. Rxg7 Qxg7 39. Qh2 Qg4+ 40. Kd2 Ng6  41. Kc1 Nxh4 42. Qc2
Nf3 43. Qc4 Kd7 44. Qb4 Kc8 45. Qa4 a6 46. Qa5 Qg1 0-1

[Event "Val Tho Principal"]
[Site "?"]
[Date "2006.07.17"]
[Round "3"]
[White "Coxta"]
[Black "Wegner"]
[Result "0-1"]
[WhiteElo "1810"]
[BlackElo "2049"]
[PlyCount "56"]
[SourceDate "2006.07.15"]

1. e4 g6 2. d4 Bg7 3. Nf3 d6 4. Bc4 Nf6 5. Nc3 O-O 6. O-O Nc6 7. Re1 Bg4 8. Be3
Nd7 9. Be2 e5 10. d5 Bxf3  11. Bxf3 Nd4 12. Bxd4 exd4 13. Nb5 Ne5
14. Nxd4 Nxf3+ 15. Nxf3 Bxb2 16. Rb1 Bc3 17. Re3 Ba5 18. Nd4 Bb6 19. c3 Qf6 20.
Rf3 Qe5  21. Qd3 Rae8 22. Re3 Re7 23. Nf3 Qf4 24. Re2 Rfe8 25.
Rbe1 f5 26. exf5 Rxe2 27. Rxe2 Qc1+ 28. Ne1 Qxe1+ 0-1

[Event "Val Tho Principal"]
[Site "?"]
[Date "2006.07.17"]
[Round "3"]
[White "Fontaine"]
[Black "Busu"]
[Result "1-0"]
[WhiteElo "2518"]
[BlackElo "2385"]
[PlyCount "47"]
[SourceDate "2006.07.15"]

1. d4 Nf6 2. c4 e6 3. Nc3 Bb4 4. Nf3 b6 5. Bg5 Bb7 6. e3 h6 7. Bh4 O-O 8. Bd3
c5 9. O-O Bxc3 10. bxc3 d6  11. Nd2 Nbd7 12. f4 Qe7 13. Qe2 e5 14.
fxe5 dxe5 15. d5 Qd6 16. Bf5 Ba6 17. Bxd7 Nxd7 18. Qg4 b5 19. Rf3 bxc4 20. Rg3
g6  21. Ne4 f5 22. Qh5 Kh7 23. Ng5+ Kg8 24. Ne6 1-0

[Event "Val Tho Principal"]
[Site "?"]
[Date "2006.07.17"]
[Round "3"]
[White "Bronznik"]
[Black "Kozlov"]
[Result "1-0"]
[WhiteElo "2383"]
[BlackElo "2118"]
[PlyCount "67"]
[SourceDate "2006.07.15"]

1. d4 Nf6 2. c4 c5 3. d5 Ne4 4. Qc2 Qa5+ 5. Nd2 Nf6 6. e4 d6 7. Bd3 e5 8. a3
Be7 9. Ngf3 Bd7 10. O-O Na6  11. Rb1 O-O 12. Nb3 Qc7 13. Na1 Rfc8
14. b4 cxb4 15. axb4 Qd8 16. Qe2 Nc7 17. h3 a5 18. bxa5 Rxa5 19. Bd2 Ra2 20. c5
Rb8  21. Bc4 Raa8 22. cxd6 Bxd6 23. Bc3 b5 24. Bd3 Qe7 25. Qb2 Re8
26. Nc2 Nh5 27. Rfe1 Nf4 28. Bf1 Qf6 29. Re3 Bc5 30. Bxe5 Rxe5 
31. Qxe5 Bxe3 32. Nxe3 Nxh3+ 33. gxh3 Qxf3 34. Bg2 1-0

[Event "Val Tho Principal"]
[Site "?"]
[Date "2006.07.17"]
[Round "3"]
[White "Simon"]
[Black "Gras"]
[Result "0-1"]
[WhiteElo "2130"]
[BlackElo "1932"]
[PlyCount "50"]
[SourceDate "2006.07.15"]

1. e4 c6 2. d4 d5 3. exd5 cxd5 4. Bd3 Nc6 5. c3 Nf6 6. Bf4 Bg4 7. Qb3 Qc8 8.
Nd2 e6 9. Ngf3 Be7 10. O-O O-O  11. Rfe1 Bxf3 12. Nxf3 a6 13. Ne5
b5 14. Nxc6 Qxc6 15. Bg5 Rab8 16. Qc2 h6 17. Bxf6 Bxf6 18. a3 Rfc8 19. Qd1 a5
20. f4 b4  21. axb4 axb4 22. Re3 bxc3 23. bxc3 Kf8 24. Bf1 Qb6 25.
Qf3 Rxc3 0-1

[Event "Val Tho Principal"]
[Site "?"]
[Date "2006.07.17"]
[Round "3"]
[White "Fourcart, Maxence"]
[Black "Lauferon"]
[Result "0-1"]
[WhiteElo "2012"]
[BlackElo "2217"]
[PlyCount "70"]
[SourceDate "2006.07.15"]

1. d4 d5 2. Bg5 Bf5 3. e3 c6 4. c4 Bxb1 5. Rxb1 dxc4 6. Qd2 b5 7. Nf3 Nd7 8.
Be2 Ngf6 9. Bxf6 Nxf6 10. O-O e6  11. Rfc1 Nd5 12. e4 Bb4 13. Qc2
Nf4 14. g3 Nxe2+ 15. Qxe2 O-O 16. Rd1 Qb6 17. a3 Bd6 18. Rbc1 a5 19. Ng5 h6 20.
Nf3 Rfd8  21. e5 Be7 22. Qe4 Rd5 23. Rd2 Rad8 24. Rcd1 R8d7 25.
Qc2 c5 26. dxc5 Bxc5 27. Rxd5 exd5 28. Kg2 d4 29. Qf5 Qc6 30. Kg1 d3 31. Nd2 Bd4 32. Ne4 Qe6 33. Qxe6 fxe6 34. Nd6 Bxe5 35. Nxb5 Bxb2
0-1

[Event "Val Tho Accession"]
[Site "?"]
[Date "2006.07.18"]
[Round "4"]
[White "Uzbleger, Sacha"]
[Black "Brassoud"]
[Result "1-0"]
[WhiteElo "1260"]
[BlackElo "1690"]
[PlyCount "75"]
[SourceDate "2006.07.15"]

1. e4 c5 2. Nf3 e6 3. c4 Nc6 4. d3 d6 5. Be2 Nf6 6. O-O Be7 7. Nc3 a6 8. Bg5 h6
9. Bh4 O-O 10. Qd2 Re8 11. Rad1 Nd4 12. Nxd4 cxd4 13. Nb1 e5 14. f4 Bg4 15.
Bxg4 Nxg4 16. Bxe7 Qxe7 17. f5 Qh4 18. h3 Ne3 19. Rf3 Nxd1 20. Qxd1 Rac8 21.
Nd2 b5 22. cxb5 axb5 23. Kh2 Qd8 24. a4 bxa4 25. Qxa4 Qb6 26. Nc4 Qc6 27. Qc2
d5 28. exd5 Qxd5 29. f6 g6 30. b3 Qe6 31. Qd2 Kh7 32. Qa5 e4 33. dxe4 Ra8 34.
Qc5 Rad8 35. Qa7 d3 36. Nd2 Qd6+ 37. Kh1 Re6 38. Qxf7+ 1-0

[Event "Val Tho Accession"]
[Site "?"]
[Date "2006.07.18"]
[Round "4"]
[White "Mangani"]
[Black "Maquoi"]
[Result "1-0"]
[WhiteElo "1430"]
[BlackElo "1345"]
[PlyCount "23"]
[SourceDate "2006.07.15"]

1. e4 e5 2. Nf3 Nf6 3. Nc3 Nc6 4. Bb5 Nd4 5. Bc4 Nxe4 6. Nxe5 Nd6 7. O-O f6 8. Qh5+ g6 9. Nxg6 Nxc4 10. Nxh8+ Ke7 11. Qf7+ Kd6 12. Qd5+ 1-0

[Event "Val Tho Accession"]
[Site "?"]
[Date "2006.07.18"]
[Round "4"]
[White "Arous"]
[Black "Wonner"]
[Result "1-0"]
[WhiteElo "1720"]
[BlackElo "1520"]
[PlyCount "49"]
[SourceDate "2006.07.15"]

1. e4 c5 2. Nf3 e6 3. d4 cxd4 4. Nxd4 Nc6 5. Nc3 Qc7 6. Ndb5 Qb8 7. Be3 a6 8.
Nd4 Nf6 9. a3 b5 10. Be2 Bd6  11. h3 Bb7 12. O-O Nxd4 13. Qxd4 Be5
14. Qd3 Bxc3 15. Qxc3 Bxe4 16. Qb4 Bxc2 17. Bf3 d5 18. Rac1 Be4 19. Be2 Qb7 20.
f3 Bg6  21. Bf4 Nh5 22. Rc7 Qb6+ 23. Kh2 Qxc7 24. Bxc7 Rc8 25. Qd6
1-0

[Event "Val Tho Accession"]
[Site "?"]
[Date "2006.07.18"]
[Round "4"]
[White "Pigeat, A."]
[Black "Heudre"]
[Result "0-1"]
[WhiteElo "1310"]
[BlackElo "1780"]
[PlyCount "64"]
[SourceDate "2006.07.15"]

1. e4 c5 2. Nf3 a6 3. Bc4 e6 4. Nc3 b5 5. Bb3 c4 6. Bxc4 bxc4 7. O-O Bb7 8. a3
Be7 9. g3 d6 10. Re1 Qc7  11. Nd4 Nf6 12. d3 Nc6 13. dxc4 Rc8 14.
b3 O-O 15. Nf3 Rcd8 16. Bf4 Ne5 17. Nd4 Ng6 18. Bg5 h6 19. Bc1 Rd7 20. Qd3 Rfd8
 21. b4 d5 22. c5 dxe4 23. Nxe4 Rxd4 24. Qf3 Rxe4 25. Rxe4 Bxe4
26. Qe2 Qc6 27. a4 Bf3 28. Qc4 Rd1+ 29. Qf1 Rxf1+ 30. Kxf1 Qd5 31. Be3 Qc4+ 32.
Ke1 Qe2# 0-1

[Event "Val Tho Principal"]
[Site "?"]
[Date "2006.07.18"]
[Round "4"]
[White "Bernard"]
[Black "Ungureanu"]
[Result "0-1"]
[WhiteElo "1934"]
[BlackElo "2264"]
[PlyCount "56"]
[SourceDate "2006.07.15"]

1. e4 c5 2. Nf3 a6 3. d4 cxd4 4. Nxd4 Nf6 5. Nc3 e5 6. Nb3 Bb4 7. f3 d5 8. Bd2
dxe4 9. Nxe4 Nxe4 10. Bxb4 Qh4+  11. g3 Nxg3 12. hxg3 Qxb4+ 13. c3
Qb6 14. Qd3 h6 15. O-O-O Nc6 16. Bg2 Be6 17. f4 Rd8 18. Bxc6+ bxc6 19. Qxd8+
Qxd8 20. Rxd8+ Kxd8  21. fxe5 Bxb3 22. axb3 Ke7 23. Rd1 Rd8 24.
Rxd8 Kxd8 25. Kd2 Ke7 26. Ke3 Ke6 27. Kd4 g5 28. Kc5 h5 0-1